Mango-coloured fish / (Record no. 26058)

MARC details
000 -LEADER
fixed length control field 00717nam a22002057a 4500
005 - DATE AND TIME OF LATEST TRANSACTION
control field 20190225152037.0
010 ## - LCCN (DPL NO)
LC control number B-284999
020 ## - INTERNATIONAL STANDARD BOOK NUMBER
International Standard Book Number 0140278141
Terms of availability 250.00
020 ## - INTERNATIONAL STANDARD BOOK NUMBER
International Standard Book Number 9780140278149
Terms of availability 250.00
035 ## - SYSTEM CONTROL NUMBER
System control number B-284999, B-218113 B-218117, B-216301, B-218115
037 ## - SOURCE OF ACQUISITION
Source of stock number/acquisition UBH (Vender)
082 ## - DEWEY DECIMAL CLASSIFICATION NUMBER
Classification number N
100 ## - MAIN ENTRY--PERSONAL NAME
Personal name Nambisan, Kavery
245 ## - TITLE STATEMENT
Title Mango-coloured fish /
Statement of responsibility, etc by Kavery Nambisan
260 ## - PUBLICATION, DISTRIBUTION, ETC. (IMPRINT)
Place of publication, distribution, etc New Delhi
Name of publisher, distributor, etc Penguin Books
Date of publication, distribution, etc 1998
270 ## - ADDRESS
Address 11, Community Centre, Panchsheel Park,
City New Delhi
Postal code 110017
300 ## - PHYSICAL DESCRIPTION
Extent 241p.
Dimensions 20cm. (pbk)
942 ## - ADDED ENTRY ELEMENTS (KOHA)
Source of classification or shelving scheme Dewey Decimal Classification
Item type English Books
Classification part N
Call number suffix NAM
Holdings
Withdrawn status Lost status Not for loan Collection code Home library Current library Date acquired Source of acquisition Cost, normal purchase price Full call number Barcode Copy number Cost, replacement price Koha item type
      Fiction Patel Nagar Patel Nagar 04/12/2018 BPPD/PUB 250.00 N NAM B-216301   250.00 English Books
      Fiction R.C.Libraries (zls) R.C.Libraries (zls) 17/11/2018   250.00 N NAM B-218117   250.00 English Books
        Shahdara Branch Shahdara Branch 27/07/2018 BPPD/PUB 250.00 N NAM B-218113   250.00 English Books
      Non-fiction Vigyan Vihar Vigyan Vihar 25/02/2019 BPPD/PUB 250.00 N NAM B-218115   250.00 English Books
      Fiction Vinoba Puri Vinoba Puri 04/05/2009 UBH/143/25.8.08/187/21.7.08/29.8.08 250.00 N NAM B-284999 1 250.00 English Books
      Fiction Yojana Vihar Yojana Vihar 25/09/2019 BPPD/PUB 250.00 N NAM B-218114   250.00 English Books

© Delhi Public Library
Hit Counter
free hit counter